000 01788nam2a2200277 4500
001 RU\NLR\BIBL_A\012033365
005 20190702105847.0
010 _a978-5-91327-560-8
_9500
021 _aRU
_bКН-П-19-034820
_9КН-П-19-2574
035 _a(NLR Aleph) 012033365
035 _a(RuMoRGB)009979465
090 _a11563704
_c11563704
100 _a20190610d2019 k y0rusy50 ca
101 0 _arus
102 _aRU
105 _aa z 100zy
200 0 _aТ. 10
210 _d2019
215 _a51 с.
_cтабл.
320 _aБиблиогр. в конце ст.
461 0 _1001RU\NLR\BIBL_A\011781548
_12001#$aСовременные проблемы науки и образования$e(продолжающееся издание)$e[материалы научных конференций]$fИздательский дом "Академия естествознания", [Российская академия естествознания$gредакционная коллегия: доктор медицинских наук, профессор, академик, главный редактор Ледванов Михаил Юрьевич и другие]$vТ. 10
_911779315
_cМосква
_d2018
_fИздательский дом "Академия естествознания", [Российская академия естествознания
_nАкадемия Естествознания
_o(продолжающееся издание) : [материалы научных конференций]
_tСовременные проблемы науки и образования
_vТ. 10
942 _cBOOK
980 _aNB